Loading...
| Current Events | 5 | 14.00 | 100% | 40% | 0% |
| Fine Arts - Auditory Fine Arts | 11 | 14.55 | 100% | 46% | 0% |
| Fine Arts - Visual Fine Arts | 11 | 20.91 | 100% | 73% | 36% |
| Geography | 6 | 16.67 | 100% | 67% | 0% |
| History - American History | 5 | 16.00 | 100% | 60% | 0% |
| History - Ancient History | 8 | 17.50 | 100% | 63% | 13% |
| History - European History | 5 | 24.00 | 100% | 100% | 40% |
| History - World History | 9 | 16.67 | 100% | 56% | 11% |
| Literature - American Literature | 4 | 15.00 | 100% | 50% | 0% |
| Literature - British Literature | 7 | 18.57 | 100% | 86% | 0% |
| Literature - European Literature | 5 | 18.00 | 100% | 60% | 20% |
| Literature - World Literature | 5 | 16.00 | 100% | 60% | 0% |
| Mythology | 2 | 25.00 | 100% | 100% | 50% |
| Other Academic | 4 | 22.50 | 100% | 75% | 50% |
| Philosophy | 8 | 17.50 | 100% | 63% | 13% |
| Religion | 7 | 15.71 | 86% | 71% | 0% |
| Science - Biology | 6 | 10.00 | 100% | 0% | 0% |
| Science - Chemistry | 4 | 20.00 | 100% | 75% | 25% |
| Science - Other Science | 13 | 20.00 | 92% | 77% | 31% |
| Science - Physics | 5 | 16.00 | 100% | 60% | 0% |
| Social Science | 7 | 14.29 | 100% | 43% | 0% |